| 000 | 01899nam0a2200301 4500 | ||
|---|---|---|---|
| 001 | RU\NLR\BIBL_A\011537249 | ||
| 005 | 20260405130631.0 | ||
| 010 |
_a9785736713004 _9108 |
||
| 021 |
_aRU _b2017-81791 _95834 |
||
| 035 | _a(RuMoRGB)009434193 | ||
| 035 | _a(NLR Aleph) 011537249 | ||
| 090 |
_a12176660 _c12176660 |
||
| 100 | _a20171123d2017 k y0rusy50 ca | ||
| 101 | 0 | _arus | |
| 102 | _aRU | ||
| 105 | _aa j 000zy | ||
| 200 | 1 |
_aСтоимостные ориентиры деятельности подрядного предприятия _eучебно-методическое пособие _e[для бакалавров направления 08.03.01 "Строительство" всех профилей и всех форм обучения] _fМ. И. Борисова, Р. Ф. Воронцова _gМинистерство сельского хозяйства Российской Федерации, Российский государственный аграрный университет - МСХА имени К. А. Тимирязева |
|
| 210 |
_aМосква _cРосинформагротех _d2017 |
||
| 215 |
_a75 с. _cил. _d21 |
||
| 320 | _aБиблиогр.: с. 75 (16 назв.) | ||
| 606 | 1 |
_aСтроительная промышленность _jУчебно-методические пособия для высших учебных заведений _xПредпринимательство _yРоссийская Федерация _92516521 _3RU\NLR\AUTH\661491492 |
|
| 686 | 1 | _aУ31(2)-13(2Р)я73 | |
| 700 | 1 |
_7ca _8rus _aБорисова _bМ. И. _cканд. экон. наук, экономика предприятия _gМаргарита Иннокентьевна _934662 _3RU\NLR\AUTH\7751729 |
|
| 701 | 1 |
_aВоронцова _bР. Ф. _gРаиса Федоровна |
|
| 942 | _cBOOK | ||
| 980 | _aNBR | ||